Teach yourself visually wireless networking / (Record no. 5194)
[ view plain ]
| 000 -LEADER | |
|---|---|
| fixed length control field | 01074nac a22002771u 4500 |
| 010 ## - LIBRARY OF CONGRESS CONTROL NUMBER | |
| LC control number | 2006927781 |
| 020 ## - INTERNATIONAL STANDARD BOOK NUMBER | |
| International Standard Book Number | 0470072695 (pbk.) |
| 020 ## - INTERNATIONAL STANDARD BOOK NUMBER | |
| International Standard Book Number | 9780470072691 (pbk.) |
| 035 ## - SYSTEM CONTROL NUMBER | |
| System control number | (OCoLC)ocm77010525 |
| 082 04 - DEWEY DECIMAL CLASSIFICATION NUMBER | |
| Classification number | 004.6 |
| Item number | TID. |
| 090 ## - LOCALLY ASSIGNED LC-TYPE CALL NUMBER (OCLC); LOCAL CALL NUMBER (OCLC) | |
| -- | 5194 |
| -- | 5194 |
| 100 ## - MAIN ENTRY--PERSONAL NAME | |
| Personal name | Tidrow, Rob. |
| 245 10 - TITLE STATEMENT | |
| Title | Teach yourself visually wireless networking / |
| Statement of responsibility, etc | by Rob Tidrow. |
| 246 30 - VARYING FORM OF TITLE | |
| Title proper/short title | Wireless networking |
| 250 ## - EDITION STATEMENT | |
| Edition statement | 2nd ed. |
| 260 ## - PUBLICATION, DISTRIBUTION, ETC. (IMPRINT) | |
| Place of publication, distribution, etc | Hoboken, NJ : |
| Name of publisher, distributor, etc | Wiley Pub.,c2006. |
| Date of publication, distribution, etc | c2006. |
| 300 ## - PHYSICAL DESCRIPTION | |
| Extent | 289 p. : |
| Other physical details | col. ill., col. maps ; |
| Dimensions | 24 cm. |
| 440 #0 - | |
| -- | Visual read less, learn more |
| 500 ## - GENERAL NOTE | |
| General note | Previous ed. by Todd W. Carter and Paul Whithead. |
| 500 ## - GENERAL NOTE | |
| General note | Includes index. |
| 520 ## - SUMMARY, ETC. | |
| Summary, etc | A guide to wireless computer networks cover such topics as installing hardware, configuring networks, creating computer-to-computer networks, administering wireless networks, and network security. |
| 650 #0 - SUBJECT ADDED ENTRY--TOPICAL TERM | |
| Topical term or geographic name as entry element | Wireless communication systems. |
| 650 #0 - SUBJECT ADDED ENTRY--TOPICAL TERM | |
| Topical term or geographic name as entry element | Computer networks. |
| 700 1# - ADDED ENTRY--PERSONAL NAME | |
| Personal name | Carter, Todd W. |
| 942 ## - ADDED ENTRY ELEMENTS (KOHA) | |
| Item type | Book - Borrowing |
| Call number prefix | 004.6TID. |
| Withdrawn status | Item status | Damaged status | Not for loan | Home library | Current library | Shelving location | Date acquired | Source of acquisition | Total Checkouts | Total Renewals | Full call number | Barcode | Date last seen | Date last borrowed | Koha item type |
|---|---|---|---|---|---|---|---|---|---|---|---|---|---|---|---|
| Central Library | Central Library | Lower Floor | 21/10/2007 | Purchase | 1 | 3 | 004.6TID. | 000006441 | 15/07/2025 | 05/10/2013 | Book - Borrowing |